000 00577nas a2200229Ia 4500
001 A10/R147-45123
003 IT-MiCISF
005 20250722165937.0
008 161014c99999999xx |||||||||||| ||und||
040 _aIT-MiCISF
_cIT-MiCISF
041 _ait
100 _aSerra Angelo
_959506
245 0 _aLe cellule staminali adulte
250 _a"La civiltà cattolica", n. 3786, 15 marzo
260 _c2008
300 _app. 549-561
500 _a bioetica, genetica, cura, terapia
650 _aBioetica
654 _aarticolo
942 _cCR
_2ddc
999 _c239630
_d239630
999 _bSi